LEADER 00939nam0-2200313---450- 001 990009407410403321 005 20110727140710.0 010 $a84-96201-84-8 035 $a000940741 035 $aFED01000940741 035 $a(Aleph)000940741FED01 035 $a000940741 100 $a20110727d2006----km-y0itay50------ba 101 0 $acat$aspa 105 $aa-------001yy 200 1 $aSalvador Puig Antich$fun film de Manuel Huerga 210 $aBadalona, Barcelona$cAra Llibres, Mediaproducción$d2006 215 $a174 p.$cill.$d23 x 24 cm$e1 disc ptic (DVD) 300 $aTesto in catalano e castigliano 610 0 $aSalvador Puig Antich (film) 676 $a791.4372 700 1$aHuerga,$bManuel$f<1957- >$0325097 801 0$aIT$bUNINA$gRICA$2UNIMARC 901 $aBK 912 $a990009407410403321 952 $a791.43 HUE 1$b14657 DFM$fFLFBC 959 $aFLFBC 996 $aSalvador Puig Antich$9764578 997 $aUNINA LEADER 01351nam0 2200289 i 450 001 SUN0083724 005 20110511025343.134 010 $a978-88-619-8052-5 100 $a20110510d2010 |0itac50 ba 101 $aita 102 $aIT 105 $a|||| ||||| 200 1 $aL'Aquila$eil progetto C.A.S.E.$ecomplessi antisismici sostenibili ed ecocompatibili$eun progetto di ricostruzione unico al mondo che ha consentito di dare alloggio a quindicimila persone in soli nove mesi$f[ideato da Gian Michele Calvi$ga cura di Roberto Turino] 210 $aPavia$cIuss press$d2010 215 $a431 p.$cill.$d28 cm. 620 $dPavia$3SUNL000064 702 1$aCalvi$b, Gian M.$3SUNV044945 702 1$aTurino$b, Roberto$3SUNV069079 712 $aIstituto universitario di studi superiori di Pavia$3SUNV005695$4650 790 1$aCalvi, G.M.$zCalvi, Gian M.$3SUNV047893 790 1$aCalvi, Gian Michele$zCalvi, Gian M.$3SUNV065931 801 $aIT$bSOL$c20181109$gRICA 912 $aSUN0083724 950 $aBIBLIOTECA DEL DIPARTIMENTO DI ARCHITETTURA E DISEGNO INDUSTRIALE$d01 PREST IIAb226 $e01 51192 995 $aBIBLIOTECA DEL DIPARTIMENTO DI ARCHITETTURA E DISEGNO INDUSTRIALE$bIT-CE0107$h51192$kPREST IIAb226$oc$qa 996 $aL'Aquila$9684067 997 $aUNICAMPANIA